| 000 | 00526nam a22001817a 4500 | ||
|---|---|---|---|
| 003 | CEME | ||
| 005 | 20210628203130.0 | ||
| 008 | 210120b xxu||||| |||| 00| 0 eng d | ||
| 020 | _a81-7758-519-3 | ||
| 040 | _c. | ||
| 082 | _a621.4022 THI | ||
| 100 |
_aThirumaleshwar , M _963503 |
||
| 245 | _aFundamentals of heat and mass transfer, includes mathcad based solutions to problems | ||
| 260 |
_aINDIA _bPEARSON EDUCATION ASIA _c2006 |
||
| 300 | _aXXXIII,766P | ||
| 650 |
_aHEAT AND MASS TRANSFER _963504 |
||
| 942 |
_cBK _2ddc |
||
| 999 |
_c572306 _d572306 |
||